LEADER 01605nam a2200337 u 4500 001 000000112366 003 CaOOAMICUS 005 20080704161156.0 008 080704m20072008it b u000 u ita u 020 $z978-88-215-6162-7 (v. 2)* 020 $z978-88-215-6172-6 (v. 3)* 040 $aPUL$bita$cLDB 245 03$aLe diocesi d'Italia /$cdiretto da Luigi Mezzadri, Maurizio Tagliferri, Elio Guerriero. 260 $aCinisello Balsamo :$bSan Paolo,$c2007-2008. 300 $a3 v. :$bc. geogr. ;$c25 cm 490 1 $aDizionari San Paolo 500 $aTesto su colonne. 505 1 $av. 1. Regioni ecclesiastiche . -- v. 2. A-L. -- v. 3. M-Z. 650 14$aDiocesi$xElenchi$zItalia.$0(OLS)http://pul/subject/1520 700 1 $aGuerriero, Elio,$d1948-$0(OLS)http://pul/name/5740 700 1 $aTagliaferri, Maurizio.$0(OLS)http://pul/name/69256 700 1 $aMezzadri, Luigi,$cC.M.$0(OLS)http://pul/name/3559 830 0$aDizionari San Paolo.$0(OLS)http://pul/title/39764 850 $aPUL 852 $aPUL$W1$xSL Religione 3$y85$m282 DIZ 1.2$j128543$av. 2$qDDC 21$B127477$CPULBib$Z2$F127477 $H107892 $82 852 $aPUL$W1$xSL Religione 3$y85$m282 DIZ 1.3$j128544$av. 3$qDDC 21$B127478$CPULBib$Z2$F127478 $H107893 $82 941 1 $a9 996 $6020$z978-88-215-6162-7 (v. 2)*$9(OLS)http://pul/number/138281 996 $6020$z978-88-215-6172-6 (v. 3)*$9(OLS)http://pul/number/138282 996 $6245$aLe diocesi d'Italia$9(OLS)http://pul/title/141209 996 $6260$aCinisello Balsamo :$bSan Paolo$9(OLS)http://pul/publisher/54577 LEADER 01438nam a2200349 u 4500 001 000000062395 003 CaOOAMICUS 005 20070226121129.0 008 010927s1998 sp u000 u spa u 020 $a8448120450 035 $a10904563 040 $aPUL$bita 100 1 $aFerrari, Silvio,$d1947-$0(OLS)http://pul/name/11587 245 10$aDerecho y religión en Europa occidental /$cSilvio Ferrari, Iván C. Ibán. 260 $aMadrid :$bMc Graw-Hill,$c1998. 300 $axv, 148 p. ;$c26 cm 490 1 $aCiencias juridicas 500 $aInclude indici. 650 4$aDiritto e religione.$0(OLS)http://pul/subject/20548 650 4$aDiritto$zEuropa.$0(OLS)http://pul/subject/17036 700 1 $aIbán, Iván C.$0(OLS)http://pul/name/42521 830 0$aCiencias juridicas (Mc Graw-Hill).$0(OLS)http://pul/title/83255 850 $aPUL 852 $aPUL$W1$xDP2 Diritto e Scienze Sociali 3$y110$m342. 4 IBAIV 1$j175809$nBK-PRI$b $qDDC 21$B81144$CPULBib$Z2$F81144 $H85899 $81 941 1 $a9 960 $aDiritto ecclesiastico$920548 960 $aDiritto ecclesiastico$920548 960 $aReligione e diritto$920548 961 $aPrecedente collocazione: DCan 33 996 $6020$a8448120450$9(OLS)http://pul/number/80918 996 $6245$aDerecho y religión en Europa occidental$9(OLS)http://pul/title/83254 996 $6260$aMadrid :$bMc Graw-Hill$9(OLS)http://pul/publisher/70348